[Event "2023 National K-12 Grade Championships"]
[Site "Orlando, Florida, United States"]
[Date "2023.12.15"]
[Round "1.8"]
[White "Prasad, Amit"]
[Black "Underwood, Toshinori"]
[Result "0-1"]
[TimeControl "G/90;d10"]
[WhiteElo "1431"]
[BlackElo "2255"]

1. e4 {[%clk 01:30:00]} {[%emt 00:00:01]} e5 {[%clk 01:30:00]} {[%emt
00:00:06]} 2. Nf3 {[%clk 01:30:00]} {[%emt 00:00:07]} Nc6 {[%clk 01:30:00]}
{[%emt 00:00:02]} 3. d4 {[%clk 01:29:55]} {[%emt 00:00:15]} exd4 {[%clk
01:30:00]} {[%emt 00:00:04]} 4. Nxd4 {[%clk 01:29:51]} {[%emt 00:00:15]} Nf6
{[%clk 01:30:00]} {[%emt 00:00:05]} 5. Nxc6 {[%clk 01:28:24]} {[%emt 00:01:37]}
bxc6 {[%clk 01:30:00]} {[%emt 00:00:07]} 6. e5 {[%clk 01:23:47]} {[%emt
00:04:47]} Qe7 {[%clk 01:29:01]} {[%emt 00:01:09]} 7. Qe2 {[%clk 01:23:27]}
{[%emt 00:00:29]} Nd5 {[%clk 01:28:32]} {[%emt 00:00:39]} 8. c4 {[%clk
01:21:19]} {[%emt 00:02:19]} Ba6 {[%clk 01:28:32]} {[%emt 00:00:11]} 9. b3
{[%clk 01:20:24]} {[%emt 00:01:05]} g6 {[%clk 01:26:56]} {[%emt 00:01:45]} 10.
Bb2 {[%clk 01:12:19]} {[%emt 00:08:15]} Bg7 {[%clk 01:19:26]} {[%emt 00:07:41]}
11. Nd2 {[%clk 01:04:43]} {[%emt 00:07:46]} Nb4 {[%clk 01:05:51]} {[%emt
00:13:45]} 12. Nf3 {[%clk 01:00:14]} {[%emt 00:04:39]} c5 {[%clk 01:04:18]}
{[%emt 00:01:43]} 13. a3 {[%clk 00:47:31]} {[%emt 00:12:53]} Nc6 {[%clk
01:04:18]} {[%emt 00:00:07]} 14. O-O-O {[%clk 00:40:34]} {[%emt 00:07:08]} Rb8
{[%clk 00:59:55]} {[%emt 00:04:33]} 15. Kc2 {[%clk 00:33:53]} {[%emt 00:06:51]}
O-O {[%clk 00:58:20]} {[%emt 00:01:44]} 16. g3 {[%clk 00:17:56]} {[%emt
00:16:07]} Rfe8 {[%clk 00:58:06]} {[%emt 00:00:24]} 17. Bh3 {[%clk 00:15:06]}
{[%emt 00:02:59]} d6 {[%clk 00:57:12]} {[%emt 00:01:05]} 18. Rhe1 {[%clk
00:13:14]} {[%emt 00:02:02]} Bb7 {[%clk 00:33:54]} {[%emt 00:23:27]} 19. e6
{[%clk 00:09:40]} {[%emt 00:03:44]} Bxb2 {[%clk 00:33:19]} {[%emt 00:00:45]} 20.
Kxb2 {[%clk 00:09:18]} {[%emt 00:00:32]} Qf6+ {[%clk 00:33:19]} {[%emt
00:00:10]} 21. Ka2 {[%clk 00:08:50]} {[%emt 00:00:38]} fxe6 {[%clk 00:32:59]}
{[%emt 00:00:30]} 22. Qe3 {[%clk 00:06:24]} {[%emt 00:02:36]} e5 {[%clk
00:32:12]} {[%emt 00:00:57]} 23. Qe2 {[%clk 00:00:47]} {[%emt 00:05:47]} Nb4+
{[%clk 00:30:21]} {[%emt 00:02:01]} 24. axb4 {[%clk 00:00:33]} {[%emt
00:00:24]} Bxf3 {[%clk 00:30:21]} {[%emt 00:00:03]} 25. Qd2 {[%clk 00:00:33]}
{[%emt 00:00:08]} Bxd1 {[%clk 00:30:20]} {[%emt 00:00:11]} 26. Rxd1 {[%clk
00:00:33]} {[%emt 00:00:03]} Rxb4 {[%clk 00:30:11]} {[%emt 00:00:19]} 27. Qd5+
{[%clk 00:00:32]} {[%emt 00:00:11]} Kg7 {[%clk 00:30:09]} {[%emt 00:00:10]} 28.
Rd2 {[%clk 00:00:24]} {[%emt 00:00:20]} Rb6 {[%clk 00:29:44]} {[%emt 00:00:35]}
29. Bd7 {[%clk 00:00:24]} {[%emt 00:00:08]} Rf8 {[%clk 00:29:23]} {[%emt
00:00:31]} 30. h4 {[%clk 00:00:15]} {[%emt 00:00:19]} Qf7 {[%clk 00:29:18]}
{[%emt 00:00:13]} 31. Be6 {[%clk 00:00:15]} {[%emt 00:00:09]} Qf3 {[%clk
00:29:18]} {[%emt 00:00:06]} 32. Qxf3 {[%clk 00:00:08]} {[%emt 00:00:21]} Rxf3
{[%clk 00:29:18]} {[%emt 00:00:09]} 33. Rb2 {[%clk 00:00:08]} {[%emt 00:00:05]}
c6 {[%clk 00:28:38]} {[%emt 00:00:49]} 34. Bg4 {[%clk 00:00:03]} {[%emt
00:00:15]} Rd3 {[%clk 00:27:59]} {[%emt 00:00:48]} 35. Be2 {[%clk 00:00:03]}
{[%emt 00:00:03]} Rd4 {[%clk 00:27:59]} {[%emt 00:00:03]} 36. Kb1 {[%clk
00:00:03]} {[%emt 00:00:02]} Ra6 {[%clk 00:27:11]} {[%emt 00:00:58]} 37. Kc2
{[%clk 00:00:03]} {[%emt 00:00:02]} Kf6 {[%clk 00:27:10]} {[%emt 00:00:11]} 38.
g4 {[%clk 00:00:03]} {[%emt 00:00:04]} Ra1 {[%clk 00:26:30]} {[%emt 00:00:46]}
39. Bf3 {[%clk 00:00:03]} {[%emt 00:00:07]} e4 {[%clk 00:26:25]} {[%emt
00:00:16]} 40. Bg2 {[%clk 00:00:03]} {[%emt 00:00:02]} g5 {[%clk 00:25:43]}
{[%emt 00:00:53]} 41. hxg5+ {[%clk 00:00:03]} {[%emt 00:00:05]} Kxg5 {[%clk
00:25:43]} {[%emt 00:00:05]} 42. f3 {[%clk 00:00:03]} {[%emt 00:00:02]} Rg1
{[%clk 00:25:41]} {[%emt 00:00:11]} 43. Bh3 {[%clk 00:00:03]} {[%emt 00:00:03]}
Kh4 {[%clk 00:25:37]} {[%emt 00:00:13]} 44. Kc3 {[%clk 00:00:03]} {[%emt
00:00:04]} Rd3+ {[%clk 00:25:37]} {[%emt 00:00:05]} 45. Kc2 {[%clk 00:00:03]}
Rxf3 {[%clk 00:25:37]} {[%emt 00:00:08]} 46. Ra2 {[%clk 00:00:03]} {[%emt
00:00:04]} Rf2+ {[%clk 00:25:37]} {[%emt 00:00:03]} 47. Kc3 {[%clk 00:00:03]}
{[%emt 00:00:02]} Rg3# {[%clk 00:25:37]} {[%emt 00:00:02]} 0-1

[Event "2023 National K-12 Grade Championships"]
[Site "Orlando, Florida, United States"]
[Date "2023.12.15"]
[Round "1.9"]
[White "Ngo, Bach"]
[Black "Beckles, Andrew"]
[Result "1-0"]
[TimeControl "G/90;d10"]
[WhiteElo "2446"]
[BlackElo "1595"]

1. d4 {[%clk 01:30:00]} {[%emt 00:00:03]} Nf6 {[%clk 01:29:58]} {[%emt
00:00:12]} 2. c4 {[%clk 01:30:00]} {[%emt 00:00:06]} g6 {[%clk 01:29:57]}
{[%emt 00:00:11]} 3. Nc3 {[%clk 01:29:59]} {[%emt 00:00:11]} Bg7 {[%clk
01:29:49]} {[%emt 00:00:19]} 4. e4 {[%clk 01:29:57]} {[%emt 00:00:12]} d6
{[%clk 01:29:43]} {[%emt 00:00:17]} 5. Nge2 {[%clk 01:29:56]} {[%emt 00:00:09]}
O-O {[%clk 01:29:20]} {[%emt 00:00:33]} 6. Ng3 {[%clk 01:29:56]} {[%emt
00:00:05]} Re8 {[%clk 01:28:51]} {[%emt 00:00:41]} 7. Be2 {[%clk 01:29:26]}
{[%emt 00:00:38]} e5 {[%clk 01:28:20]} {[%emt 00:00:43]} 8. d5 {[%clk
01:29:26]} {[%emt 00:00:06]} Nbd7 {[%clk 01:26:28]} {[%emt 00:02:02]} 9. h4
{[%clk 01:29:03]} {[%emt 00:00:32]} h6 {[%clk 01:25:21]} {[%emt 00:01:18]} 10.
h5 {[%clk 01:27:24]} {[%emt 00:01:49]} g5 {[%clk 01:24:45]} {[%emt 00:00:46]}
11. Be3 {[%clk 01:27:13]} {[%emt 00:00:20]} Nh7 {[%clk 01:22:07]} {[%emt
00:02:47]} 12. b4 {[%clk 01:25:29]} {[%emt 00:01:57]} b6 {[%clk 01:20:56]}
{[%emt 00:01:21]} 13. O-O {[%clk 01:24:35]} {[%emt 00:01:01]} a5 {[%clk
01:20:37]} {[%emt 00:00:31]} 14. a3 {[%clk 01:24:35]} {[%emt 00:00:10]} Bb7
{[%clk 01:19:55]} {[%emt 00:00:49]} 15. Rb1 {[%clk 01:23:45]} {[%emt 00:00:59]}
axb4 {[%clk 01:18:50]} {[%emt 00:01:19]} 16. axb4 {[%clk 01:23:08]} {[%emt
00:00:46]} Nhf6 {[%clk 01:16:54]} {[%emt 00:02:06]} 17. c5 {[%clk 01:22:00]}
{[%emt 00:01:18]} Nb8 {[%clk 01:12:35]} {[%emt 00:04:30]} 18. c6 {[%clk
01:20:21]} {[%emt 00:01:49]} Nxc6 {[%clk 01:12:24]} {[%emt 00:00:22]} 19. dxc6
{[%clk 01:20:07]} {[%emt 00:00:24]} Bxc6 {[%clk 01:12:11]} {[%emt 00:00:22]} 20.
Bc4 {[%clk 01:19:02]} {[%emt 00:01:14]} Bd7 {[%clk 01:09:33]} {[%emt 00:02:48]}
21. Nd5 {[%clk 01:17:44]} {[%emt 00:01:29]} Nxd5 {[%clk 01:06:44]} {[%emt
00:02:59]} 22. Bxd5 {[%clk 01:17:41]} {[%emt 00:00:13]} c6 {[%clk 01:06:40]}
{[%emt 00:00:15]} 23. Bb3 {[%clk 01:17:35]} {[%emt 00:00:15]} Be6 {[%clk
01:06:33]} {[%emt 00:00:17]} 24. Qc2 {[%clk 01:17:35]} {[%emt 00:00:07]} Rc8
{[%clk 01:03:39]} {[%emt 00:03:03]} 25. Bxe6 {[%clk 01:16:50]} {[%emt
00:00:56]} fxe6 {[%clk 01:01:57]} {[%emt 00:01:52]} 26. Rfd1 {[%clk 01:16:33]}
{[%emt 00:00:26]} d5 {[%clk 01:00:30]} {[%emt 00:01:38]} 27. exd5 {[%clk
01:15:57]} {[%emt 00:00:45]} exd5 {[%clk 00:59:52]} {[%emt 00:00:48]} 28. Qg6
{[%clk 01:15:47]} {[%emt 00:00:19]} d4 {[%clk 00:59:01]} {[%emt 00:01:03]} 29.
Nf5 {[%clk 01:15:29]} {[%emt 00:00:27]} Qf6 {[%clk 00:58:25]} {[%emt 00:00:45]}
30. Nxh6+ {[%clk 01:15:06]} {[%emt 00:00:34]} Kf8 {[%clk 00:57:13]} {[%emt
00:01:18]} 31. Bxg5 {[%clk 01:14:46]} {[%emt 00:00:34]} Qxg6 {[%clk 00:56:49]}
{[%emt 00:00:34]} 32. hxg6 {[%clk 01:14:46]} {[%emt 00:00:05]} Re6 {[%clk
00:56:08]} {[%emt 00:00:50]} 33. Nf5 {[%clk 01:14:38]} {[%emt 00:00:19]} Rc7
{[%clk 00:53:05]} {[%emt 00:03:14]} 34. Nh4 {[%clk 01:14:12]} {[%emt 00:00:35]}
c5 {[%clk 00:51:57]} {[%emt 00:01:20]} 35. bxc5 {[%clk 01:14:00]} {[%emt
00:00:22]} Rxc5 {[%clk 00:50:33]} {[%emt 00:01:34]} 36. Ra1 {[%clk 01:12:55]}
{[%emt 00:01:14]} e4 {[%clk 00:49:30]} {[%emt 00:01:13]} 37. Bc1 {[%clk
01:10:40]} {[%emt 00:02:23]} Ra5 {[%clk 00:47:01]} {[%emt 00:02:41]} 38. Rxa5
{[%clk 01:10:03]} {[%emt 00:00:47]} bxa5 {[%clk 00:47:01]} {[%emt 00:00:10]} 39.
Ba3+ {[%clk 01:10:03]} {[%emt 00:00:09]} Kg8 {[%clk 00:46:45]} {[%emt
00:00:25]} 40. Nf5 {[%clk 01:09:02]} {[%emt 00:01:12]} d3 {[%clk 00:42:02]}
{[%emt 00:04:53]} 41. Rc1 {[%clk 01:07:56]} {[%emt 00:01:15]} Rf6 {[%clk
00:40:34]} {[%emt 00:01:39]} 42. Rc8+ {[%clk 01:06:35]} {[%emt 00:01:31]} Bf8
{[%clk 00:40:09]} {[%emt 00:00:34]} 43. g7 {[%clk 01:06:35]} {[%emt 00:00:08]}
Rxf5 {[%clk 00:39:47]} {[%emt 00:00:33]} 44. gxf8=Q+ {[%clk 01:06:17]} {[%emt
00:00:27]} Rxf8 {[%clk 00:39:47]} {[%emt 00:00:07]} 45. Rxf8+ {[%clk 01:06:15]}
{[%emt 00:00:12]} Kg7 {[%clk 00:39:47]} {[%emt 00:00:06]} 46. Kf1 {[%clk
01:06:15]} {[%emt 00:00:09]} a4 {[%clk 00:39:40]} {[%emt 00:00:18]} 47. Ke1
{[%clk 01:06:15]} {[%emt 00:00:06]} d2+ {[%clk 00:39:37]} {[%emt 00:00:14]} 48.
Kxd2 {[%clk 01:06:15]} {[%emt 00:00:06]} e3+ {[%clk 00:39:37]} {[%emt
00:00:04]} 49. fxe3 {[%clk 01:06:15]} {[%emt 00:00:06]} Kg6 {[%clk 00:39:35]}
{[%emt 00:00:12]} 50. Rf3 {[%clk 01:06:14]} {[%emt 00:00:10]} Kg7 {[%clk
00:39:28]} {[%emt 00:00:18]} 51. e4 {[%clk 01:06:14]} {[%emt 00:00:06]} Kh8
{[%clk 00:39:24]} {[%emt 00:00:14]} 52. Rf7 {[%clk 01:05:47]} {[%emt 00:00:36]}
Kg8 {[%clk 00:39:20]} {[%emt 00:00:15]} 53. Ra7 {[%clk 01:05:46]} {[%emt
00:00:12]} Kh8 {[%clk 00:39:20]} {[%emt 00:00:04]} 54. e5 {[%clk 01:05:46]}
{[%emt 00:00:06]} Kg8 {[%clk 00:39:20]} {[%emt 00:00:01]} 55. e6 {[%clk
01:05:46]} {[%emt 00:00:05]} Kh8 {[%clk 00:39:20]} {[%emt 00:00:03]} 56. Rd7
{[%clk 01:05:28]} {[%emt 00:00:28]} Kg8 {[%clk 00:39:18]} {[%emt 00:00:12]} 57.
Rf7 {[%clk 01:05:28]} {[%emt 00:00:08]} Kh8 {[%clk 00:39:12]} {[%emt 00:00:17]}
58. e7 {[%clk 01:05:28]} {[%emt 00:00:07]} Kg8 {[%clk 00:39:12]} {[%emt
00:00:01]} 59. e8=Q# {[%clk 01:05:28]} {[%emt 00:00:08]} 1-0

[Event "2023 National K-12 Grade Championships"]
[Site "Orlando, Florida, United States"]
[Date "2023.12.15"]
[Round "1.10"]
[White "Vudutala, Saketh K"]
[Black "Gao, Marvin"]
[Result "0-1"]
[TimeControl "G/90;d10"]
[WhiteElo "1585"]
[BlackElo "2306"]

1. e4 {[%clk 01:30:00]} {[%emt 00:00:02]} e6 {[%clk 01:29:38]} {[%emt
00:00:33]} 2. d4 {[%clk 01:29:59]} {[%emt 00:00:11]} d5 {[%clk 01:29:38]}
{[%emt 00:00:07]} 3. exd5 {[%clk 01:29:59]} {[%emt 00:00:10]} exd5 {[%clk
01:29:38]} {[%emt 00:00:06]} 4. Nf3 {[%clk 01:29:53]} {[%emt 00:00:17]} Nc6
{[%clk 01:29:18]} {[%emt 00:00:30]} 5. Bd3 {[%clk 01:27:20]} {[%emt 00:02:43]}
Bd6 {[%clk 01:27:40]} {[%emt 00:01:47]} 6. O-O {[%clk 01:26:39]} {[%emt
00:00:51]} Bg4 {[%clk 01:27:22]} {[%emt 00:00:27]} 7. Re1+ {[%clk 01:25:43]}
{[%emt 00:01:07]} Nge7 {[%clk 01:27:21]} {[%emt 00:00:11]} 8. c3 {[%clk
01:25:34]} {[%emt 00:00:20]} Qd7 {[%clk 01:27:12]} {[%emt 00:00:17]} 9. Bg5
{[%clk 01:24:40]} {[%emt 00:01:04]} f6 {[%clk 01:22:59]} {[%emt 00:04:23]} 10.
Bh4 {[%clk 01:23:21]} {[%emt 00:01:29]} O-O-O {[%clk 01:22:32]} {[%emt
00:00:37]} 11. Nbd2 {[%clk 01:22:51]} {[%emt 00:00:40]} h5 {[%clk 01:19:58]}
{[%emt 00:02:43]} 12. Qc2 {[%clk 01:21:32]} {[%emt 00:01:31]} Bf4 {[%clk
01:04:37]} {[%emt 00:15:30]} 13. b4 {[%clk 01:07:00]} {[%emt 00:14:42]} g5
{[%clk 01:02:37]} {[%emt 00:02:09]} 14. Bg3 {[%clk 01:05:08]} {[%emt 00:02:02]}
Bxd2 {[%clk 01:02:36]} {[%emt 00:00:11]} 15. Nxd2 {[%clk 01:04:17]} {[%emt
00:01:00]} h4 {[%clk 01:02:34]} {[%emt 00:00:12]} 16. Nf1 {[%clk 01:04:17]}
{[%emt 00:00:04]} hxg3 {[%clk 01:01:38]} {[%emt 00:01:04]} 17. Nxg3 {[%clk
01:04:17]} {[%emt 00:00:06]} Rde8 {[%clk 00:56:24]} {[%emt 00:05:24]} 18. h3
{[%clk 01:03:07]} {[%emt 00:01:21]} Be6 {[%clk 00:56:02]} {[%emt 00:00:31]} 19.
a4 {[%clk 01:02:42]} {[%emt 00:00:36]} f5 {[%clk 00:54:57]} {[%emt 00:01:15]}
20. Qe2 {[%clk 00:54:14]} {[%emt 00:08:37]} Ng6 {[%clk 00:52:30]} {[%emt
00:02:37]} 21. Qc2 {[%clk 00:53:39]} {[%emt 00:00:46]} Nh4 {[%clk 00:50:53]}
{[%emt 00:01:45]} 22. b5 {[%clk 00:52:50]} {[%emt 00:01:00]} Na5 {[%clk
00:49:41]} {[%emt 00:01:22]} 23. Re5 {[%clk 00:52:33]} {[%emt 00:00:27]} f4
{[%clk 00:49:37]} {[%emt 00:00:14]} 24. Nf5 {[%clk 00:51:20]} {[%emt 00:01:24]}
Nc4 {[%clk 00:48:57]} {[%emt 00:00:49]} 25. Bxc4 {[%clk 00:51:10]} {[%emt
00:00:19]} Bxf5 {[%clk 00:48:56]} {[%emt 00:00:11]} 26. Rxe8+ {[%clk 00:51:10]}
{[%emt 00:00:11]} Rxe8 {[%clk 00:48:55]} {[%emt 00:00:11]} 27. Bd3 {[%clk
00:51:10]} {[%emt 00:00:07]} Bxh3 {[%clk 00:48:36]} {[%emt 00:00:27]} 28. g3
{[%clk 00:50:49]} {[%emt 00:00:33]} Nf3+ {[%clk 00:48:36]} {[%emt 00:00:08]} 29.
Kh1 {[%clk 00:50:44]} {[%emt 00:00:15]} Rh8 {[%emt 00:00:19]} 0-1

[Event "2023 National K-12 Grade Championships"]
[Site "Orlando, Florida, United States"]
[Date "2023.12.15"]
[Round "1.11"]
[White "Zhang, Roger"]
[Black "Chan, Leah"]
[Result "0-1"]
[TimeControl "G/90;d10"]
[WhiteElo "2214"]
[BlackElo "1560"]

1. e4 {[%clk 01:30:00]} {[%emt 00:00:01]} e5 {[%clk 01:29:53]} {[%emt
00:00:17]} 2. Nf3 {[%clk 01:30:00]} {[%emt 00:00:03]} Nc6 {[%clk 01:29:41]}
{[%emt 00:00:21]} 3. Bb5 {[%clk 01:30:00]} {[%emt 00:00:03]} a6 {[%clk
01:29:00]} {[%emt 00:00:52]} 4. Ba4 {[%clk 01:30:00]} {[%emt 00:00:04]} Nf6
{[%clk 01:28:15]} {[%emt 00:00:54]} 5. O-O {[%clk 01:30:00]} {[%emt 00:00:04]}
Nxe4 {[%clk 01:26:57]} {[%emt 00:01:28]} 6. d4 {[%clk 01:29:56]} {[%emt
00:00:15]} b5 {[%clk 01:26:14]} {[%emt 00:00:53]} 7. Bb3 {[%clk 01:29:56]}
{[%emt 00:00:09]} d5 {[%clk 01:25:17]} {[%emt 00:01:06]} 8. dxe5 {[%clk
01:29:56]} {[%emt 00:00:07]} Be6 {[%clk 01:24:24]} {[%emt 00:01:03]} 9. c3
{[%clk 01:28:50]} {[%emt 00:01:16]} Be7 {[%clk 01:20:16]} {[%emt 00:04:17]} 10.
Re1 {[%clk 01:27:33]} {[%emt 00:01:27]} O-O {[%clk 01:16:56]} {[%emt 00:03:30]}
11. Bc2 {[%clk 01:25:11]} {[%emt 00:02:33]} Nc5 {[%clk 01:09:15]} {[%emt
00:07:50]} 12. Nd4 {[%clk 01:23:55]} {[%emt 00:01:26]} Nxd4 {[%clk 01:01:44]}
{[%emt 00:07:41]} 13. cxd4 {[%clk 01:23:55]} {[%emt 00:00:03]} Nb7 {[%clk
00:56:02]} {[%emt 00:05:52]} 14. Nd2 {[%clk 01:17:21]} {[%emt 00:06:44]} Qd7
{[%clk 00:53:03]} {[%emt 00:03:09]} 15. Nf1 {[%clk 01:16:04]} {[%emt 00:01:27]}
c5 {[%clk 00:47:33]} {[%emt 00:05:40]} 16. dxc5 {[%clk 01:12:25]} {[%emt
00:03:49]} Nxc5 {[%clk 00:44:53]} {[%emt 00:02:49]} 17. Ng3 {[%clk 01:11:13]}
{[%emt 00:01:22]} g6 {[%clk 00:41:42]} {[%emt 00:03:21]} 18. Be3 {[%clk
01:05:03]} {[%emt 00:06:20]} Rac8 {[%clk 00:37:54]} {[%emt 00:03:57]} 19. Qd2
{[%clk 01:01:57]} {[%emt 00:03:17]} Rfd8 {[%clk 00:36:54]} {[%emt 00:01:10]} 20.
Bd4 {[%clk 01:01:31]} {[%emt 00:00:37]} Ne4 {[%clk 00:30:49]} {[%emt 00:06:15]}
21. Qe2 {[%clk 00:52:51]} {[%emt 00:08:50]} Nxg3 {[%clk 00:29:27]} {[%emt
00:01:31]} 22. hxg3 {[%clk 00:52:07]} {[%emt 00:00:55]} Rc4 {[%clk 00:29:03]}
{[%emt 00:00:34]} 23. Rad1 {[%clk 00:50:19]} {[%emt 00:01:58]} Bg4 {[%clk
00:27:03]} {[%emt 00:02:10]} 24. f3 {[%clk 00:49:11]} {[%emt 00:01:18]} Be6
{[%clk 00:26:55]} {[%emt 00:00:17]} 25. Bb3 {[%clk 00:46:02]} {[%emt 00:03:20]}
Rxd4 {[%clk 00:25:43]} {[%emt 00:01:23]} 26. Rxd4 {[%clk 00:46:02]} {[%emt
00:00:03]} Bc5 {[%clk 00:25:43]} {[%emt 00:00:08]} 27. Qd2 {[%clk 00:45:11]}
{[%emt 00:01:01]} Qa7 {[%clk 00:24:50]} {[%emt 00:01:03]} 28. Rd1 {[%clk
00:45:11]} {[%emt 00:00:04]} Bxd4+ {[%clk 00:23:40]} {[%emt 00:01:20]} 29. Qxd4
{[%clk 00:45:11]} {[%emt 00:00:03]} Qxd4+ {[%clk 00:23:37]} {[%emt 00:00:12]}
30. Rxd4 {[%clk 00:45:11]} Kg7 {[%clk 00:22:57]} {[%emt 00:00:50]} 31. Kf2
{[%clk 00:44:37]} {[%emt 00:00:44]} f6 {[%clk 00:21:07]} {[%emt 00:02:01]} 32.
exf6+ {[%clk 00:43:36]} {[%emt 00:01:10]} Kxf6 {[%clk 00:21:07]} {[%emt
00:00:07]} 33. Ke3 {[%clk 00:43:36]} {[%emt 00:00:02]} Re8 {[%clk 00:18:39]}
{[%emt 00:02:38]} 34. Rd2 {[%clk 00:41:43]} {[%emt 00:02:03]} Rd8 {[%clk
00:13:50]} {[%emt 00:05:00]} 35. Kd4 {[%clk 00:41:43]} {[%emt 00:00:10]} Rc8
{[%clk 00:12:58]} {[%emt 00:01:01]} 36. Rc2 {[%clk 00:41:42]} {[%emt 00:00:11]}
Rxc2 {[%clk 00:11:59]} {[%emt 00:01:09]} 37. Bxc2 {[%clk 00:39:31]} {[%emt
00:02:21]} h5 {[%clk 00:06:00]} {[%emt 00:06:07]} 38. Bb3 {[%clk 00:39:26]}
{[%emt 00:00:16]} Kg5 {[%clk 00:04:42]} {[%emt 00:01:28]} 39. Bxd5 {[%clk
00:37:18]} {[%emt 00:02:18]} Bxd5 {[%clk 00:04:42]} {[%emt 00:00:09]} 40. Kxd5
{[%clk 00:37:18]} {[%emt 00:00:03]} h4 {[%clk 00:04:42]} {[%emt 00:00:05]} 41.
gxh4 {[%clk 00:37:18]} {[%emt 00:00:09]} Kxh4 {[%clk 00:04:42]} {[%emt
00:00:07]} 42. g4 {[%clk 00:37:18]} {[%emt 00:00:02]} Kg3 {[%clk 00:02:13]}
{[%emt 00:02:38]} 43. Ke4 {[%clk 00:37:04]} {[%emt 00:00:24]} a5 {[%clk
00:01:27]} {[%emt 00:00:57]} 44. b3 {[%clk 00:37:04]} {[%emt 00:00:08]} b4
{[%clk 00:01:23]} {[%emt 00:00:14]} 45. g5 {[%clk 00:37:04]} {[%emt 00:00:02]}
Kh3 {[%clk 00:01:02]} {[%emt 00:00:30]} 46. Ke5 {[%clk 00:37:04]} {[%emt
00:00:04]} Kg3 {[%clk 00:00:42]} {[%emt 00:00:30]} 47. Kf6 {[%clk 00:37:04]}
{[%emt 00:00:09]} 0-1

[Event "2023 National K-12 Grade Championships"]
[Site "Orlando, Florida, United States"]
[Date "2023.12.15"]
[Round "1.12"]
[White "Bhattacharjee, Aharshi"]
[Black "Hardaway, Brewington"]
[Result "0-1"]
[TimeControl "G/90;d10"]
[WhiteElo "1382"]
[BlackElo "2457"]

1. d4 {[%clk 01:30:00]} {[%emt 00:00:01]} Nf6 {[%clk 01:30:00]} {[%emt
00:00:05]} 2. c4 {[%clk 01:28:59]} {[%emt 00:01:12]} e6 {[%clk 01:30:00]}
{[%emt 00:00:09]} 3. Nc3 {[%clk 01:28:47]} {[%emt 00:00:22]} d5 {[%clk
01:30:00]} {[%emt 00:00:10]} 4. cxd5 {[%clk 01:28:15]} {[%emt 00:00:42]} exd5
{[%clk 01:30:00]} 5. Nf3 {[%clk 01:28:01]} {[%emt 00:00:24]} c6 {[%clk
01:30:00]} {[%emt 00:00:04]} 6. Bg5 {[%clk 01:27:33]} {[%emt 00:00:37]} Be7
{[%clk 01:30:00]} {[%emt 00:00:05]} 7. e3 {[%clk 01:27:26]} {[%emt 00:00:17]}
h6 {[%clk 01:30:00]} {[%emt 00:00:03]} 8. Bh4 {[%clk 01:26:36]} {[%emt
00:00:59]} Nbd7 {[%clk 01:30:00]} {[%emt 00:00:02]} 9. Bd3 {[%clk 01:26:18]}
{[%emt 00:00:28]} O-O {[%clk 01:30:00]} {[%emt 00:00:03]} 10. O-O {[%clk
01:26:01]} {[%emt 00:00:26]} Re8 {[%clk 01:30:00]} {[%emt 00:00:02]} 11. Bg3
{[%clk 01:25:45]} {[%emt 00:00:26]} Nh5 {[%clk 01:30:00]} {[%emt 00:00:06]} 12.
Be5 {[%clk 01:24:50]} {[%emt 00:01:05]} Nxe5 {[%clk 01:30:00]} {[%emt
00:00:06]} 13. Nxe5 {[%clk 01:24:49]} {[%emt 00:00:11]} Nf6 {[%clk 01:30:00]}
14. a3 {[%clk 01:24:23]} {[%emt 00:00:36]} a5 {[%clk 01:30:00]} {[%emt
00:00:09]} 15. h3 {[%clk 01:22:21]} {[%emt 00:02:11]} Bd6 {[%clk 01:30:00]}
{[%emt 00:00:02]} 16. f4 {[%clk 01:21:38]} {[%emt 00:00:53]} c5 {[%clk
01:30:00]} {[%emt 00:00:05]} 17. Qf3 {[%clk 01:16:04]} {[%emt 00:05:42]} cxd4
{[%clk 01:24:37]} {[%emt 00:05:34]} 18. exd4 {[%clk 01:14:42]} {[%emt
00:01:33]} Qb6 {[%clk 01:24:37]} 19. Qf2 {[%clk 01:12:41]} {[%emt 00:02:10]}
Re7 {[%clk 01:18:32]} {[%emt 00:06:16]} 20. Nb5 {[%clk 01:11:01]} {[%emt
00:01:50]} Bd7 {[%clk 01:14:40]} {[%emt 00:04:00]} 21. Nxd7 {[%clk 01:07:23]}
{[%emt 00:03:49]} Rxd7 {[%clk 01:13:49]} {[%emt 00:01:02]} 22. a4 {[%clk
01:07:02]} {[%emt 00:00:32]} Bb4 {[%clk 01:13:45]} {[%emt 00:00:13]} 23. Rac1
{[%clk 01:04:49]} {[%emt 00:02:23]} Re8 {[%clk 01:13:15]} {[%emt 00:00:38]} 24.
Rc2 {[%clk 00:55:47]} {[%emt 00:09:14]} Rde7 {[%clk 01:12:56]} {[%emt
00:00:28]} 25. Rfc1 {[%clk 00:48:14]} {[%emt 00:07:43]} Re3 {[%clk 01:12:37]}
{[%emt 00:00:28]} 26. Rc8 {[%clk 00:45:11]} {[%emt 00:03:15]} R3e7 {[%clk
01:04:48]} {[%emt 00:07:58]} 27. Qc2 {[%clk 00:37:58]} {[%emt 00:07:23]} Qe6
{[%clk 01:04:17]} {[%emt 00:00:39]} 28. Rxe8+ {[%clk 00:31:25]} {[%emt
00:06:45]} Rxe8 {[%clk 01:04:17]} {[%emt 00:00:01]} 29. Qf2 {[%clk 00:31:12]}
{[%emt 00:00:22]} Be1 {[%clk 01:04:00]} {[%emt 00:00:28]} 30. Qf3 {[%clk
00:28:52]} {[%emt 00:02:30]} Bd2 {[%clk 01:04:00]} {[%emt 00:00:07]} 31. Rf1
{[%clk 00:19:08]} {[%emt 00:09:51]} Qe3+ {[%clk 01:01:54]} {[%emt 00:02:15]} 32.
Qxe3 {[%clk 00:18:59]} {[%emt 00:00:18]} Rxe3 {[%clk 01:01:54]} {[%emt
00:00:04]} 33. Bc2 {[%clk 00:16:23]} {[%emt 00:02:47]} Nh5 {[%clk 01:01:46]}
{[%emt 00:00:18]} 34. Bd1 {[%clk 00:10:30]} {[%emt 00:06:03]} Ng3 {[%clk
01:01:31]} {[%emt 00:00:25]} 35. Rf3 {[%clk 00:06:43]} {[%emt 00:03:57]} Re1+
{[%clk 01:01:31]} {[%emt 00:00:04]} 36. Kh2 {[%clk 00:06:43]} {[%emt 00:00:10]}
Nf1+ {[%clk 01:01:31]} {[%emt 00:00:02]} 37. Kg1 {[%clk 00:06:30]} {[%emt
00:00:24]} Ne3+ {[%clk 01:01:31]} {[%emt 00:00:05]} 38. Kh2 {[%clk 00:02:05]}
{[%emt 00:04:35]} Rxd1 {[%clk 01:01:31]} {[%emt 00:00:05]} 39. Nc3 {[%clk
00:02:05]} {[%emt 00:00:07]} Nf1+ {[%emt 00:00:58]} 0-1